[Event "Moscow Open 2009 B"]
[Site "www.moscowchessopen.ru"]
[Date "2009.02.05"]
[Round "6.141"]
[White "Malyshev, Roman"]
[Black "Shilnikov, Igor S"]
[Result "1-0"]
[WhiteElo "2154"]
[BlackElo "1963"]
[Annotator ""]
[Source ""]
[Remark ""]

1.d4 Nf6 2.Nf3 c6 3.c4 d5 4.Nc3 e6 5.e3 Nbd7 6.Bd3 dxc4 7.Bxc4
b5 8.Bd3 a6 9.O-O c5 10.b3 Bb7 11.Bb2 Rc8 12.Qe2 Qc7 13.Rac1
Qb8 14.Ne5 Bd6 15.f4 cxd4 16.exd4 O-O 17.h3 Rfd8 18.g4 Qa8 19.g5
b4 20.gxf6 Nxf6 21.Na4 Rxc1 22.Rxc1 Bxe5 23.fxe5 Bf3 24.Qf2 Nd7
25.Rf1 Bh5 26.Be2 Bg6 27.Bf3 Qa7 28.Rc1 Qb8 29.Qe2 Bf5 30.Kg2
Nf8 31.Qxa6 Ng6 32.Kg3 f6 33.Qb6 Qxb6 34.Nxb6 fxe5 35.dxe5 Ne7
36.Rd1 Rb8 37.Nc4 Bg6 38.Rd7 Nf5+ 39.Kf2 Rf8 40.Ra7 Be8 41.Ke1
Ng3 42.Bg2 Nf5 43.Ra8 Nh4 44.Be4 Bh5 45.Rxf8+ Kxf8 46.Bd4 Bf3
47.Bc5+ Kg8 48.Bxf3 Nxf3+ 49.Kd1 Ng5 50.Bxb4 Nxh3 51.a4 1-0

[Event "Moscow Open 2009 B"]
[Site "www.moscowchessopen.ru"]
[Date "2009.02.05"]
[Round "6.142"]
[White "Mihnenko, Nikita"]
[Black "Uteshev, Arsen"]
[Result "0-1"]
[WhiteElo "1955"]
[BlackElo "2141"]
[Annotator ""]
[Source ""]
[Remark ""]

1.e4 c5 2.c3 Nf6 3.e5 Nd5 4.d4 cxd4 5.cxd4 Nc6 6.Nf3 d6 7.Bc4
e6 8.O-O Be7 9.Bd3 O-O 10.Nc3 Nxc3 11.bxc3 dxe5 12.dxe5 Qa5 13.Qe1
Qd5 14.Qe4 Qxe4 15.Bxe4 Na5 16.Rd1 Rd8 17.Bg5 f6 18.Rxd8+ Bxd8
19.Rd1 Be7 20.Bf4 f5 21.Bc2 h6 22.Nd4 a6 23.Bb3 Nxb3 24.axb3
Kf7 25.b4 Ke8 26.Nb3 b6 27.Be3 Rb8 28.Ra1 Bd7 29.Nd2 Bd8 30.Nc4
Bc7 31.Rd1 Ke7 32.Nd6 0-1

[Event "Moscow Open 2009 B"]
[Site "www.moscowchessopen.ru"]
[Date "2009.02.05"]
[Round "6.143"]
[White "Litvinov, Viktor"]
[Black "Lushnikov, Evgeny"]
[Result "1-0"]
[WhiteElo "2125"]
[BlackElo "1961"]
[Annotator ""]
[Source ""]
[Remark ""]

1.c4 c5 2.Nc3 g6 3.g3 Bg7 4.Bg2 Nc6 5.Nf3 e5 6.O-O Nge7 7.a3
O-O 8.Rb1 a5 9.d3 d6 10.Ne1 Be6 11.Nd5 Rb8 12.Bg5 f6 13.Bd2 b5
14.b3 Bf7 15.Nc2 Nxd5 16.Bxd5 Bxd5 17.cxd5 Ne7 18.e4 f5 19.Qe1
b4 20.a4 f4 21.f3 g5 22.Qf2 Ng6 23.Qg2 Qd7 24.gxf4 gxf4 25.Be1
Kh8 26.Kh1 Rg8 27.Rg1 Bf6 28.Qg4 Qxg4 29.Rxg4 h5 30.Rg2 Nh4 31.Bxh4
Bxh4 32.Rf1 Rb7 1-0

[Event "Moscow Open 2009 B"]
[Site "www.moscowchessopen.ru"]
[Date "2009.02.05"]
[Round "6.144"]
[White "Aliekhin, Vladislav"]
[Black "Safoev, Zarif"]
[Result "0-1"]
[WhiteElo "2120"]
[BlackElo "1959"]
[Annotator ""]
[Source ""]
[Remark ""]

1.f4 e5 2.e4 d5 3.exd5 e4 4.Bb5+ Bd7 5.Bc4 Bc5 6.Qe2 Nf6 7.h3
c6 8.Nc3 O-O 9.d6 b5 10.Bb3 a5 11.a4 b4 12.Nd1 Bxd6 13.d4 exd3
14.Qxd3 Qc7 15.Ne2 Na6 16.Bc4 Nc5 17.Qf3 Bf5 18.Ne3 Be4 19.Qf2
Nd5 20.O-O Nb6 21.b3 Nxc4 22.Nxc4 Bxc2 23.Nd4 Bxb3 24.Nxd6 Qxd6
25.Be3 Ne4 26.Qb2 Bd5 27.g4 f6 28.Nf5 Qd7 29.Rfe1 Rfe8 30.Rac1
Nd6 31.Nxd6 Qxd6 32.Qf2 Qd7 33.Red1 Re4 34.Rd4 Qe6 35.Rxe4 Qxe4
36.Kh2 Re8 37.Re1 Qf3 38.Qxf3 Bxf3 39.Kg3 Bd5 0-1

[Event "Moscow Open 2009 B"]
[Site "www.moscowchessopen.ru"]
[Date "2009.02.05"]
[Round "6.145"]
[White "Buzukashvili, Sofia"]
[Black "Adamson, Garry"]
[Result "0-1"]
[WhiteElo "1954"]
[BlackElo "2115"]
[Annotator ""]
[Source ""]
[Remark ""]

1.d4 Nf6 2.c4 g6 3.f3 Bg7 4.e4 d6 5.Nc3 O-O 6.Be3 c6 7.Qd2 Nbd7
8.Bd3 e5 9.d5 Nh5 10.g4 Nf4 11.h4 Nxd3+ 12.Qxd3 f5 13.gxf5 gxf5
14.Bg5 Qc7 15.Nh3 Nc5 16.Qd2 fxe4 17.Nxe4 Rxf3 18.Nxc5 dxc5 19.Qg2
e4 20.O-O-O Qe5 21.Ng1 Rg3 22.Qc2 Bg4 23.Re1 e3 24.Ne2 Rg2 25.Rhg1
Bf5 26.Qb3 Qe4 0-1

[Event "Moscow Open 2009 B"]
[Site "www.moscowchessopen.ru"]
[Date "2009.02.05"]
[Round "6.146"]
[White "Lobanov, Igor"]
[Black "Rasstriguine, Andrei"]
[Result "1-0"]
[WhiteElo "1948"]
[BlackElo "2111"]
[Annotator ""]
[Source ""]
[Remark ""]

1.e4 c6 2.d4 d5 3.e5 Bf5 4.h4 a6 5.c3 h6 6.h5 e6 7.f3 Bh7 8.f4
Nd7 9.Bd3 Bxd3 10.Qxd3 c5 11.Nf3 Qb6 12.b3 Ne7 13.Be3 Nc6 14.Kf2
O-O-O 15.Nbd2 Kb8 16.Kg3 Be7 17.a4 cxd4 18.Nxd4 Qc7 19.Nxc6+
Qxc6 20.Nf3 Bc5 21.Bd4 Qc7 22.a5 Rc8 23.Rhc1 Be7 24.b4 Qc4 25.Qe3
Ka8 26.Rcb1 Rc6 27.b5 axb5 1-0

[Event "Moscow Open 2009 B"]
[Site "www.moscowchessopen.ru"]
[Date "2009.02.05"]
[Round "6.147"]
[White "Samatov, Anatolij"]
[Black "Radivilov, Igor"]
[Result "1/2-1/2"]
[WhiteElo "2098"]
[BlackElo "1947"]
[Annotator ""]
[Source ""]
[Remark ""]

1.d4 Nf6 2.c4 g6 3.Nf3 Bg7 4.Nc3 d5 5.e3 O-O 6.Be2 c6 7.O-O Nbd7
8.b3 Ne4 9.Qc2 Nxc3 10.Qxc3 Nf6 11.Ba3 Re8 12.Rad1 Ne4 13.Qc2
Bf5 14.Qc1 Qa5 15.b4 Qd8 16.Ne5 f6 17.f3 fxe5 18.fxe4 Bxe4 19.Bf3
Bxf3 20.Rxf3 e4 21.Rf2 Rc8 22.Qc2 Qd7 23.c5 e5 24.dxe5 Qe6 25.Bb2
Bxe5 26.Bxe5 Qxe5 27.a4 Rf8 28.Rdf1 Qg7 29.b5 Rxf2 30.Rxf2 cxb5
31.axb5 Qc7 32.Qc3 Qg7 33.Qa5 Qc7 34.Qxa7 Qxc5 35.Qxb7 Rc7 36.Qa8+
Kg7 37.b6 Qc1+ 38.Rf1 Qxe3+ 39.Kh1 Rf7 40.Qa1+ Kg8 41.b7 Rxf1+
42.Qxf1 Qb6 43.h3 Qxb7 44.Qf6 Qf7 45.Qe5 h6 46.h4 g5 47.hxg5
Qh5+ 48.Kg1 Qxg5 49.Qe6+ Kg7 50.Qd7+ Kf8 51.Qc8+ Ke7 52.Qc5+
Ke6 53.Qc8+ Kd6 54.Qb8+ Kc5 55.Qa7+ Kc4 56.Qa6+ Kc3 57.Qa4 Kd2
58.Qb4+ Kd1 59.Qb5 1/2-1/2

[Event "Moscow Open 2009 B"]
[Site "www.moscowchessopen.ru"]
[Date "2009.02.05"]
[Round "6.148"]
[White "Piskun, Alexey"]
[Black "Kapov, Adam"]
[Result "1-0"]
[WhiteElo "2095"]
[BlackElo "1927"]
[Annotator ""]
[Source ""]
[Remark ""]

1.e4 e5 2.Nf3 Nc6 3.Nc3 Nf6 4.Bb5 d6 5.d4 exd4 6.Nxd4 Bd7 7.Be3
Be7 8.Qf3 O-O 9.Bxc6 bxc6 10.e5 dxe5 11.Nxc6 Bxc6 12.Qxc6 Bd6
13.O-O Ng4 14.Bc5 Bxc5 15.Qxc5 Qd6 16.Qc4 Nf6 17.Rad1 Qb6 18.b3
Rad8 19.a4 c6 20.Rfe1 Rd4 21.Qe2 Nd7 22.Nb1 Rd8 23.Na3 f6 24.Nc4
Qc5 25.Rxd4 Qxd4 26.Rd1 Qc5 27.Rd6 Qb4 28.Qd1 Kf8 29.Rxc6 Rb8
30.h3 Nb6 31.Nxb6 Rxb6 32.Rc8+ Kf7 33.Qh5+ Ke6 34.Re8+ Kd6 35.Qd1+
Kc6 36.Rd8 Qe7 37.Qd5+ Kc7 38.Ra8 Ra6 39.Qc4+ Kb7 40.Qc8+ Kb6 1-0

[Event "Moscow Open 2009 B"]
[Site "www.moscowchessopen.ru"]
[Date "2009.02.05"]
[Round "6.149"]
[White "Skoriak, Ivan"]
[Black "Voronov, Vladimir Yu"]
[Result "1-0"]
[WhiteElo "2080"]
[BlackElo "1926"]
[Annotator ""]
[Source ""]
[Remark ""]

1.e4 c5 2.Nf3 Nf6 3.e5 Nd5 4.c3 Nc6 5.d4 cxd4 6.cxd4 e6 7.Bc4
Nb6 8.Bb3 Be7 9.O-O O-O 10.Nc3 d6 11.Be3 dxe5 12.dxe5 Qxd1 13.Raxd1
Na5 14.Na4 Nxa4 15.Bxa4 b6 16.a3 Ba6 17.Rfe1 Rfd8 18.Rc1 Rac8
19.Bd2 Nc4 20.Bc3 Bb7 21.Bd1 b5 22.Be2 Bd5 23.Bxc4 Bxc4 24.Ba5
Rd3 25.Rc3 Rxc3 26.Bxc3 Bd5 27.Nd4 a6 28.Nc2 Bb3 29.Nd4 Bd5 30.Ne2
Rc4 31.h3 b4 32.axb4 Bxb4 33.Rc1 Bxc3 34.Rxc3 Rxc3 35.Nxc3 Bb3
36.f4 Kf8 37.Kf2 Ke8 38.Ke3 Kd7 39.Kd4 Kc6 40.g4 Bc2 41.Ne2 Kb5
42.Kc3 Be4 43.f5 Kc5 44.fxe6 fxe6 45.Nf4 Bd5 46.b4+ Kc6 47.Nh5
Bg2 48.Nf4 Bf1 49.h4 Kd7 50.g5 Bb5 51.Nh5 Be2 52.Nf4 Bg4 53.Ng2
Ke7 54.Kd4 Kd7 55.Kc5 Kc7 56.Nf4 g6 57.Ng2 Bh3 58.Ne3 Bf5 59.Nc4
Bd3 60.Nd6 Kd7 61.Nf7 Ke7 62.Nh6 Kf8 63.Ng4 Kf7 64.Nf6 Kg7 65.Kd6
Bc4 66.Ne8+ Kf7 67.Nc7 Bf1 68.Nxe6 Bc4 69.Nc7 1-0

[Event "Moscow Open 2009 B"]
[Site "www.moscowchessopen.ru"]
[Date "2009.02.05"]
[Round "6.150"]
[White "Borodin, Stanislav"]
[Black "Seregin, Alexey"]
[Result "1-0"]
[WhiteElo "2077"]
[BlackElo "1916"]
[Annotator ""]
[Source ""]
[Remark ""]

1.Nf3 Nf6 2.c4 c6 3.g3 d5 4.cxd5 cxd5 5.d4 Nc6 6.Bg2 e6 7.Nc3
Bb4 8.O-O O-O 9.a3 Bxc3 10.bxc3 Ne4 11.Qc2 Na5 12.Nd2 Nxd2 13.Bxd2
Nc4 14.Bf4 b6 15.e4 Bb7 16.e5 Rc8 17.Rfc1 Qe7 18.Qd1 f5 19.exf6
Qxf6 20.Rc2 Qf5 21.Re2 g5 22.Bc1 Ba6 23.Qe1 Rf6 24.Raa2 h6 25.h3
Rcf8 26.f4 g4 27.hxg4 Qxg4 28.Kh2 Bc8 29.Bh3 Qg6 30.g4 Qd3 31.Rg2
Rg6 32.Rg3 Qe4 33.Re2 Qb1 34.g5 hxg5 35.fxg5 Re8 36.Bg4 Re7 37.Rh3
Rh7 38.Rxh7 Kxh7 39.Qh4+ Kg7 40.Bf4 e5 41.Bxc8 exf4 42.Qxf4 Nd6
43.Rf2 Qe4 44.Qf8+ Kh7 45.Bh3 Qe3 46.Rf7+ Nxf7 47.Qxf7+ Kh8 48.Qxg6
Qf2+ 49.Kh1 Qe1+ 50.Kg2 Qd2+ 51.Kf3 Qd1+ 52.Kf4 Qd2+ 53.Kf5 Qd3+
54.Kf6 Qf3+ 55.Bf5 1-0

[Event "Moscow Open 2009 B"]
[Site "www.moscowchessopen.ru"]
[Date "2009.02.05"]
[Round "6.151"]
[White "Sedenko, Anatoly"]
[Black "Stroganov, Andrey"]
[Result "0-1"]
[WhiteElo "2073"]
[BlackElo "1915"]
[Annotator ""]
[Source ""]
[Remark ""]

1.Nf3 Nf6 2.c4 c5 3.Nc3 b6 4.d4 cxd4 5.Nxd4 Bb7 6.f3 a6 7.e4
d6 8.Bg5 e6 9.Be2 Be7 10.O-O Qc7 11.Kh1 O-O 12.Rc1 Nbd7 13.Qd2
Rac8 14.Rfd1 Ne5 15.Qe1 Qb8 16.b3 Ng6 17.f4 Nxe4 18.Nxe4 Bxe4
19.Bg4 Bxg5 20.fxg5 Qb7 21.Qg3 Rfe8 22.Nf3 d5 23.Nd2 d4 24.h4
Rcd8 25.h5 Nf8 26.Re1 Bc6 27.Re2 Qb8 28.Qh4 Qc7 29.Rf1 Rd7 30.Ref2
Qd8 31.Rf6 Ra7 32.Qf2 gxf6 33.gxf6 Nd7 34.Qf4 Qxf6 35.Qxf6 Nxf6
36.Rxf6 Kg7 37.Rf2 h6 38.Be2 e5 39.Nf1 e4 40.Ng3 Bd7 41.Bf1 d3
42.Rd2 f5 43.Kg1 f4 44.Nh1 0-1

[Event "Moscow Open 2009 B"]
[Site "www.moscowchessopen.ru"]
[Date "2009.02.05"]
[Round "6.152"]
[White "Anfinogenov, Artem"]
[Black "Rusinov, Mikhail"]
[Result "1-0"]
[WhiteElo "2068"]
[BlackElo "1911"]
[Annotator ""]
[Source ""]
[Remark ""]

1.d4 d6 2.c4 Nf6 3.Nc3 g6 4.e4 Bg7 5.f4 O-O 6.Nf3 Bg4 7.Be2 Nbd7
8.e5 Ne8 9.h3 Bxf3 10.Bxf3 dxe5 11.dxe5 c6 12.Be3 Nc7 13.Ne4
Nb6 14.Qb3 Ne6 15.Rd1 Qc7 16.Bg4 Nd8 17.Nc5 h5 18.Bf3 Ne6 19.Nxe6
fxe6 20.h4 Bh6 21.Qc2 Kh7 22.Bxh5 Rg8 23.Bxg6+ Kh8 24.Bf7 Rg3
25.Rh3 Rg7 26.Bxe6 Rf8 27.Qe4 Na4 28.g4 Nxb2 29.Rd2 Qa5 1-0

[Event "Moscow Open 2009 B"]
[Site "www.moscowchessopen.ru"]
[Date "2009.02.05"]
[Round "6.153"]
[White "Shubin, Gennady"]
[Black "Grigoriev, Radimir"]
[Result "1/2-1/2"]
[WhiteElo "1913"]
[BlackElo "2065"]
[Annotator ""]
[Source ""]
[Remark ""]

1.e4 e5 2.Nf3 Nc6 3.d4 exd4 4.Nxd4 d6 5.Bb5 Bd7 6.O-O Be7 7.Be3
Nf6 8.Nf5 O-O 9.Nc3 Bxf5 10.exf5 Ne5 11.h3 c6 12.Be2 d5 13.g4
Ne8 14.Bd4 f6 15.f4 Nf7 16.Be3 Qa5 17.Bf3 Bc5 18.Bd4 Nc7 19.Ne2
Rae8 20.Kg2 Nd6 21.b3 Bxd4 22.Qxd4 Ncb5 23.Qc5 Ne4 24.Bxe4 Rxe4
25.Ng3 Rd4 26.a4 Qc3 27.Qxc3 Nxc3 28.Rae1 Ne4 29.Nxe4 dxe4 30.Re3
Re8 31.Rfe1 Rd2+ 32.R1e2 Rxe2+ 33.Rxe2 Kf7 34.Kf2 Re7 35.Ke3
c5 36.Rd2 Ke8 37.Rd6 Rd7 38.Rxd7 Kxd7 39.Kxe4 Kc6 40.g5 b6 41.c3
a6 42.c4 Kd6 43.Kf3 1/2-1/2

[Event "Moscow Open 2009 B"]
[Site "www.moscowchessopen.ru"]
[Date "2009.02.05"]
[Round "6.154"]
[White "Romanov, Stanislav"]
[Black "Pristalov, Evgeny"]
[Result "1-0"]
[WhiteElo "2058"]
[BlackElo "1905"]
[Annotator ""]
[Source ""]
[Remark ""]

1.e4 Nf6 2.e5 Nd5 3.c4 Nb6 4.d4 d6 5.f4 dxe5 6.fxe5 c5 7.d5 e6
8.Nc3 exd5 9.cxd5 c4 10.Be3 Bb4 11.Bxb6 Qxb6 12.Bxc4 Qe3+ 13.Nge2
Bc5 14.Rf1 Qxe5 15.Qc2 Be3 16.d6 Be6 17.Bxe6 Qxe6 18.Nd5 O-O 1-0

[Event "Moscow Open 2009 B"]
[Site "www.moscowchessopen.ru"]
[Date "2009.02.05"]
[Round "6.155"]
[White "Kuleshov, Viktor"]
[Black "Baskakov, Nikolay"]
[Result "1-0"]
[WhiteElo "1891"]
[BlackElo "2055"]
[Annotator ""]
[Source ""]
[Remark ""]

1.e4 c5 2.Nf3 d6 3.d4 cxd4 4.Nxd4 Nf6 5.Nc3 a6 6.Be3 Ng4 7.Bg5
Qa5 8.Qd2 e6 9.f3 Ne5 10.O-O-O b5 11.Kb1 b4 12.Nce2 Nc4 13.Qc1
Qc7 14.Nb3 e5 15.Ng3 Be6 16.Bd3 h6 17.Bxc4 Qxc4 18.Be3 a5 19.Qd2
g6 20.f4 Nc6 21.f5 gxf5 22.Nxf5 Rd8 23.Qd3 a4 24.Nc1 d5 25.Qxc4
dxc4 26.Rxd8+ Kxd8 27.Rd1+ Kc7 28.Ne2 h5 29.Rf1 Rg8 30.Neg3 Rh8
31.Bg5 Nd4 32.Bf6 Nxf5 33.exf5 Rg8 34.fxe6 fxe6 35.Bxe5+ Bd6
36.Bxd6+ Kxd6 37.Rf4 Kd5 38.Kc1 e5 39.Rf2 h4 40.Nf5 Rh8 41.Kd2
e4 42.Ne3+ Ke5 43.Ng4+ 1-0

[Event "Moscow Open 2009 B"]
[Site "www.moscowchessopen.ru"]
[Date "2009.02.05"]
[Round "6.156"]
[White "Masich, Vladimir"]
[Black "Babkin, Ivan"]
[Result "1-0"]
[WhiteElo "2053"]
[BlackElo "1890"]
[Annotator ""]
[Source ""]
[Remark ""]

1.e4 c6 2.c4 e6 3.Nc3 Ne7 4.d4 d5 5.Nf3 Nd7 6.exd5 exd5 7.cxd5
Nxd5 8.Nxd5 cxd5 9.Qb3 Qe7+ 10.Qe3 Qxe3+ 11.fxe3 Bd6 12.Bd3 Nf6
13.Bb5+ Bd7 14.Bxd7+ Kxd7 15.O-O Ke7 16.a3 h6 17.Bd2 Ne4 18.Bb4
Bxb4 19.axb4 Nd6 20.Ra5 Ke6 21.Rfa1 a6 22.Ne5 Rac8 23.Nd3 g5
24.Rc5 Ne4 25.Rxc8 Rxc8 26.Nc5+ Nxc5 27.bxc5 Rc7 28.Kf2 Kf5 29.Kf3
g4+ 30.Ke2 Re7 31.b4 Kg5 32.Rb1 f5 33.g3 b5 34.Rc1 Rc7 35.Rh1
Rc6 36.h3 gxh3 37.Rxh3 Rc7 38.Kf3 Rc8 39.Rh1 Rc6 40.Rc1 Kg6 41.Kf4
Kf6 42.Rh1 Re6 1-0

[Event "Moscow Open 2009 B"]
[Site "www.moscowchessopen.ru"]
[Date "2009.02.05"]
[Round "6.157"]
[White "De Luna Butz, Alberto"]
[Black "Stepanov, Igor"]
[Result "0-1"]
[WhiteElo "1849"]
[BlackElo "2044"]
[Annotator ""]
[Source ""]
[Remark ""]

1.e4 d5 2.exd5 Qxd5 3.Nc3 Qa5 4.Bc4 Nf6 5.d3 c6 6.Bd2 Qc7 7.Nf3
Bg4 8.h3 Bxf3 9.Qxf3 e6 10.O-O Nbd7 11.d4 Bd6 12.Bb3 O-O 13.Rfe1
b5 14.Ne4 Nxe4 15.Rxe4 c5 16.c3 Rfe8 17.Rd1 g6 18.Bg5 c4 19.Bc2
Rab8 20.b3 Rbc8 21.h4 a5 22.b4 axb4 23.cxb4 0-1

[Event "Moscow Open 2009 B"]
[Site "www.moscowchessopen.ru"]
[Date "2009.02.05"]
[Round "6.158"]
[White "Firstov, Pavel"]
[Black "Krylov, Ivan"]
[Result "1/2-1/2"]
[WhiteElo "2043"]
[BlackElo "1877"]
[Annotator ""]
[Source ""]
[Remark ""]

1.d4 Nf6 2.c4 c5 3.Nf3 g6 4.g3 Bg7 5.Bg2 O-O 6.O-O cxd4 7.Nxd4
Nc6 8.Nc3 Qb6 9.Nb3 d6 10.Be3 Qb4 11.c5 Be6 12.cxd6 exd6 13.Nd4
Ng4 14.Nxc6 bxc6 15.Bd2 Qxb2 16.Rc1 Rab8 17.Ne4 Qxa2 18.Rxc6
Ne5 19.Rc2 Qa4 20.Qc1 Bf5 21.f4 Bxe4 22.Bxe4 Qxe4 23.fxe5 dxe5
24.Be3 a5 25.Rc7 Rb7 26.Rc5 a4 27.Rc4 Qd5 28.Rxa4 1/2-1/2

[Event "Moscow Open 2009 B"]
[Site "www.moscowchessopen.ru"]
[Date "2009.02.05"]
[Round "6.159"]
[White "Komov, Sergey"]
[Black "Subbotin, Andrey"]
[Result "0-1"]
[WhiteElo "1809"]
[BlackElo "2043"]
[Annotator ""]
[Source ""]
[Remark ""]

1.e4 c5 2.Nf3 Nc6 3.d4 cxd4 4.Nxd4 Nf6 5.Nc3 g6 6.Be3 Bg7 7.Be2
O-O 8.Qd2 d5 9.f3 e5 10.Nxc6 bxc6 11.Bc5 Re8 12.O-O-O Qa5 13.Ba3
Be6 14.exd5 cxd5 15.Nb1 Qc7 16.Bd3 e4 17.Bb5 Rac8 18.Nc3 exf3
19.gxf3 d4 20.Ne2 Ne4 21.fxe4 Bh6 22.Nxd4 Bxd2+ 23.Rxd2 Rcd8
24.b3 Qf4 25.Bb2 Rd6 26.Bd3 Red8 27.Rf1 Qe3 28.Rf3 Qg1+ 29.Rf1
Qg5 30.Nf3 Qa5 31.a3 Bxb3 32.Ne5 Be6 33.Rdf2 Qc7 34.Kb1 Rb6 35.Nxf7
Bxf7 36.Rxf7 Qc3 37.Kc1 Rxb2 0-1

[Event "Moscow Open 2009 B"]
[Site "www.moscowchessopen.ru"]
[Date "2009.02.05"]
[Round "6.160"]
[White "Magdalinskaya, Evgenia"]
[Black "Matsokina, Evgenia"]
[Result "1/2-1/2"]
[WhiteElo "1800"]
[BlackElo "2036"]
[Annotator ""]
[Source ""]
[Remark ""]

1.Nf3 Nc6 2.b3 e5 3.d3 Bb4+ 4.Nbd2 Bc3 5.Rb1 Nf6 6.e4 O-O 7.Be2
d5 8.exd5 Nxd5 9.O-O Ba5 10.Bb2 Nc3 11.Bxc3 Bxc3 12.Ne4 Bb4 13.c3
Be7 14.Qc2 Bf5 15.Rbd1 Qd5 16.Nfd2 Rad8 17.f4 b5 18.fxe5 Qxe5
19.d4 Qd5 20.Nf6+ Bxf6 21.Rxf5 Qe6 22.Qe4 Qxe4 23.Nxe4 Bxd4+
24.cxd4 Nxd4 25.Rxd4 Rxd4 26.Nc3 a6 27.Rd5 Rf4 28.g3 Rf6 29.Rc5
c6 30.Re5 Rd6 31.Ne4 Rd4 32.Nc5 Rd2 33.a4 Rb2 34.Nxa6 f6 35.Re7
Rd8 36.axb5 cxb5 37.Nc5 Rdd2 38.Kf1 Rb1+ 39.Kf2 Kf8 40.Re3 g5
41.Re6 Kf7 42.Rxf6+ Kxf6 43.Ne4+ 1/2-1/2

[Event "Moscow Open 2009 B"]
[Site "www.moscowchessopen.ru"]
[Date "2009.02.05"]
[Round "6.161"]
[White "Klyuev, Alexander S"]
[Black "Smagin, Nikita"]
[Result "1/2-1/2"]
[WhiteElo "1755"]
[BlackElo "2034"]
[Annotator ""]
[Source ""]
[Remark ""]

1.d4 Nf6 2.c4 g6 3.Nc3 Bg7 4.e4 d6 5.g3 O-O 6.Bg2 Nbd7 7.Nge2
e5 8.O-O exd4 9.Nxd4 Re8 10.b3 Nc5 11.f3 Ne6 12.Nxe6 Bxe6 13.Qc2
c6 14.Be3 Qc7 15.Rac1 Rad8 16.Rfd1 Nd7 17.Rd2 Ne5 18.Na4 b6 19.Nb2
f5 20.Nd3 fxe4 21.Nxe5 Bxe5 22.f4 Bg7 23.Bxe4 Bf5 24.Bxf5 Rxe3
25.Bh3 Qe7 26.Bf1 Rc3 27.Qd1 1/2-1/2

[Event "Moscow Open 2009 B"]
[Site "www.moscowchessopen.ru"]
[Date "2009.02.05"]
[Round "6.162"]
[White "Piskov, Vladimir"]
[Black "Emdin, Mark"]
[Result "1-0"]
[WhiteElo "2030"]
[BlackElo "1885"]
[Annotator ""]
[Source ""]
[Remark ""]

1.d4 e6 2.Nf3 d5 3.g3 Nf6 4.Bg2 Be7 5.O-O O-O 6.c4 c6 7.b3 Nbd7
8.Bb2 b6 9.Nc3 Bb7 10.Rc1 Rc8 11.Qd3 c5 12.cxd5 Nxd5 13.Nxd5
Bxd5 14.Rfd1 cxd4 15.Nxd4 Nc5 16.Qb1 Bxg2 17.Kxg2 Qc7 18.f3 Qb7
19.Qa1 Bf6 20.Nb5 Qa6 21.Bxf6 Qxb5 22.Rc4 Nb7 23.Bxg7 Rxc4 24.bxc4
Qxc4 25.Bxf8 Qxe2+ 26.Kh3 Kxf8 27.Rd7 e5 28.Rxb7 Qe3 29.Qb2 Qh6+
30.Kg2 Qd6 1-0

[Event "Moscow Open 2009 B"]
[Site "www.moscowchessopen.ru"]
[Date "2009.02.05"]
[Round "6.163"]
[White "Ashirov, Sanzhar"]
[Black "Yusubov, Timur"]
[Result "1/2-1/2"]
[WhiteElo "1400"]
[BlackElo "2023"]
[Annotator ""]
[Source ""]
[Remark ""]

1.e4 c6 2.Nf3 d5 3.Nc3 dxe4 4.Nxe4 Nf6 5.Ng3 Bg4 6.h3 Bxf3 7.Qxf3
e6 8.Be2 Nbd7 9.d4 Bd6 10.c3 Qc7 11.Ne4 Nxe4 12.Qxe4 Nf6 13.Qc2
O-O-O 14.Be3 Nd5 15.O-O-O Bf4 16.Rd3 e5 17.Bxf4 Nxf4 18.Rhd1
Nxe2+ 19.Qxe2 exd4 20.Qg4+ Kb8 21.Rxd4 Rxd4 22.Qxd4 Rd8 23.Qe3
Qa5 24.a3 1/2-1/2

[Event "Moscow Open 2009 B"]
[Site "www.moscowchessopen.ru"]
[Date "2009.02.05"]
[Round "6.165"]
[White "Orekhovsky, Vasily"]
[Black "Basencyan, Mark"]
[Result "1-0"]
[WhiteElo "2016"]
[BlackElo "1848"]
[Annotator ""]
[Source ""]
[Remark ""]

1.e4 e5 2.Nf3 Nc6 3.Nc3 Be7 4.Bc4 Nf6 5.O-O O-O 6.d4 d6 7.h3
a6 8.a4 exd4 9.Nxd4 Ne5 10.Ba2 c6 11.f4 Ng6 12.Be3 Re8 13.Qf3
Bf8 14.Bf2 Qc7 15.g4 b5 16.axb5 cxb5 17.g5 b4 18.Nd5 Nxd5 19.Bxd5
Bb7 20.Bxb7 Qxb7 21.Rfe1 Rac8 22.Re2 Rc4 23.Rae1 a5 24.h4 Ne7
25.Qd3 Qc8 26.f5 Kh8 27.Nb5 Ng8 28.b3 Rc5 29.Bxc5 Qxc5+ 30.Nd4
Re5 31.Kg2 d5 32.Nf3 dxe4 33.Nxe5 Qxe5 34.Qxe4 Qc5 35.Rd1 Ne7
36.Rd8 Nc6 37.Rxf8+ Qxf8 38.Qxc6 1-0

[Event "Moscow Open 2009 B"]
[Site "www.moscowchessopen.ru"]
[Date "2009.02.05"]
[Round "6.166"]
[White "Rigovich, Albert"]
[Black "Zaitsev, Vladimir"]
[Result "1/2-1/2"]
[WhiteElo "2016"]
[BlackElo "1780"]
[Annotator ""]
[Source ""]
[Remark ""]

1.e4 c5 2.Nf3 Nc6 3.d4 cxd4 4.Nxd4 Nf6 5.Nc3 e5 6.Ndb5 d6 7.a4
Bg4 8.f3 Be6 9.Bg5 a6 10.Na3 Rc8 11.Bc4 Nd4 12.Nd5 Bxd5 13.Bxd5
Qa5+ 14.Bd2 Qc7 15.c3 Nxd5 16.cxd4 Ne7 17.Rc1 Qb6 18.Rxc8+ Nxc8
19.Bc3 f6 20.Nc4 Qc6 21.Ne3 Nb6 22.Qb3 Nxa4 23.O-O Nxc3 24.bxc3
Be7 25.Nf5 g6 26.Ng7+ Kd8 27.Ne6+ Kc8 28.Rd1 Kb8 29.f4 Qxe4 30.fxe5
fxe5 31.d5 Qe3+ 32.Kh1 Rc8 33.Rb1 b5 1/2-1/2

[Event "Moscow Open 2009 B"]
[Site "www.moscowchessopen.ru"]
[Date "2009.02.05"]
[Round "6.167"]
[White "Vashchenko, Jurij"]
[Black "Kagner, Roman"]
[Result "1-0"]
[WhiteElo "2016"]
[BlackElo "1737"]
[Annotator ""]
[Source ""]
[Remark ""]

1.d4 d5 2.c4 e6 3.Nc3 Nf6 4.Bg5 Be7 5.e3 O-O 6.Nf3 Ne4 7.Bxe7
Qxe7 8.Rc1 Nxc3 9.Rxc3 b6 10.Qc2 c6 11.Bd3 h6 12.Ne5 Bb7 13.cxd5
exd5 14.O-O c5 15.Bh7+ Kh8 16.Bf5 c4 17.f4 b5 18.e4 dxe4 19.Bxe4
Na6 20.f5 Nb4 21.Qe2 Rg8 22.f6 gxf6 23.Bxb7 Qxb7 24.Rxf6 Rg7
25.Rxh6+ Kg8 26.Rch3 Kf8 27.Nc6 Rg8 28.Rg3 Qd7 29.Rxg8+ Kxg8
30.Qh5 f6 31.Rh8+ Kg7 32.Qh7# 1-0

[Event "Moscow Open 2009 B"]
[Site "www.moscowchessopen.ru"]
[Date "2009.02.05"]
[Round "6.168"]
[White "Gusev, Denis"]
[Black "Sokolov, Boris"]
[Result "1-0"]
[WhiteElo "1400"]
[BlackElo "2015"]
[Annotator ""]
[Source ""]
[Remark ""]

1.e4 c5 2.Nf3 Nc6 3.d4 cxd4 4.Nxd4 e6 5.c4 d6 6.Nc3 Be7 7.Be2
Nf6 8.O-O O-O 9.Be3 a6 10.Qd2 Bd7 11.Rac1 Rc8 12.Nxc6 Bxc6 13.f3
Qd7 14.Rfd1 Qc7 15.Nd5 exd5 16.cxd5 Ra8 17.Rc2 Nd7 18.Rdc1 Rfc8
19.dxc6 bxc6 20.Kh1 h6 21.Qc3 c5 22.Bc4 Bf6 23.Qd2 a5 24.f4 Re8
25.Rd1 Rxe4 26.Bxf7+ Kf8 27.Bd5 Rae8 28.Bxe4 Rxe4 29.Bf2 Be7
30.Re1 Qc6 31.Rcc1 Nf6 32.Rxe4 Nxe4 33.Qe1 d5 34.Bh4 g5 35.fxg5
hxg5 36.Bg3 a4 37.Qf1+ Kg7 38.Be5+ Bf6 39.Qf5 a3 40.b3 Bxe5 41.Qxe5+
Nf6 42.Qxg5+ Kf7 43.h4 c4 44.bxc4 dxc4 45.h5 c3 46.Qg6+ Ke7 47.h6 1-0

[Event "Moscow Open 2009 B"]
[Site "www.moscowchessopen.ru"]
[Date "2009.02.05"]
[Round "6.169"]
[White "An, Yuriy"]
[Black "Raondi, Yan-Martin"]
[Result "1-0"]
[WhiteElo "2014"]
[BlackElo "1702"]
[Annotator ""]
[Source ""]
[Remark ""]

1.d4 Nf6 2.Bg5 Ne4 3.Bh4 d5 4.f3 Nd6 5.Nd2 Nf5 6.Bf2 Nc6 7.c3
e5 8.e4 Nfe7 9.exd5 Nxd5 10.c4 Nf6 11.d5 Nb8 12.a3 c6 13.Ne4
Be7 14.Qa4 Nxe4 15.fxe4 O-O 16.Rd1 Qc7 17.Nf3 Bd7 18.Qc2 f5 19.exf5
Bxf5 20.Bd3 Bxd3 21.Qxd3 Rd8 22.O-O Na6 23.b4 cxd5 24.cxd5 Bd6
25.Ng5 e4 26.Qxe4 Bxh2+ 27.Kh1 g6 1-0

[Event "Moscow Open 2009 B"]
[Site "www.moscowchessopen.ru"]
[Date "2009.02.05"]
[Round "6.170"]
[White "Nikitin, Anatoly"]
[Black "Pankov, Gennady"]
[Result "1/2-1/2"]
[WhiteElo "1400"]
[BlackElo "2014"]
[Annotator ""]
[Source ""]
[Remark ""]

1.e4 c5 2.Nf3 d6 3.d4 cxd4 4.Nxd4 Nc6 5.c4 e5 6.Nc2 Be6 7.Nc3
Nf6 8.Be2 Be7 9.O-O O-O 10.Kh1 Kh8 11.b4 a6 12.a3 Rc8 13.Bb2
Qd7 14.Rc1 Ng8 15.Nd5 Bd8 16.f4 exf4 17.Nxf4 Bb6 18.c5 dxc5 19.Qxd7
Bxd7 1/2-1/2

[Event "Moscow Open 2009 B"]
[Site "www.moscowchessopen.ru"]
[Date "2009.02.05"]
[Round "6.171"]
[White "Yudin, Andrey"]
[Black "Dudysheva, Yuliya"]
[Result "1-0"]
[WhiteElo "2013"]
[BlackElo "1400"]
[Annotator ""]
[Source ""]
[Remark ""]

1.d4 Nf6 2.Nf3 g6 3.g3 d5 4.Bg2 Bg7 5.O-O O-O 6.c4 Nc6 7.b3 Bf5
8.e3 Ne4 9.Nfd2 Nxd2 10.Qxd2 e6 11.Ba3 Re8 12.cxd5 exd5 13.Nc3
Be4 14.Rac1 Bxg2 15.Kxg2 h5 16.h4 g5 17.hxg5 Qxg5 18.Rh1 Re6
19.Qd1 Rh6 20.Qf3 Rd8 21.Ne2 Bf6 22.Kf1 h4 23.gxh4 Rxh4 24.Rg1 1-0